Теория бухгалтерского учета: практикум; учебное пособие

Détails bibliographiques
Auteur principal: Железнова Л. М. Любовь Михайловна
Résumé:Исключено из фонда НТБ ТПУ
Langue:russe
Publié: Москва, Инфра-М, 2005
Édition:4-е изд., перераб. и доп.
Collection:Высшее образование
Format: MixedMaterials Livre
KOHA link:https://koha.lib.tpu.ru/cgi-bin/koha/opac-detail.pl?biblionumber=108541

MARC

LEADER 00000nam0a2200000 4500
001 108541
005 20231031115653.0
010 |a 5160023542 
035 |a (RuTPU)RU\TPU\book\117175 
090 |a 108541 
100 |a 20070122d2005 m y0rusy50 ca 
101 0 |a rus 
102 |a RU 
105 |a y j 001zy 
200 1 |a Теория бухгалтерского учета  |e практикум  |e учебное пособие  |f Л. М. Железнова 
205 |a 4-е изд., перераб. и доп. 
210 |a Москва  |c Инфра-М  |d 2005 
215 |a 170 с. 
225 1 |a Высшее образование 
320 |a Библиогр.: с. 165-166. 
333 |a Исключено из фонда НТБ ТПУ 
700 1 |a Железнова  |b Л. М.  |g Любовь Михайловна 
801 1 |a RU  |b 63413507  |c 20070122  |g PSBO 
801 2 |a RU  |b 63413507  |c 20210224  |g PSBO 
942 |c BK 
959 |a 3/20070122  |d 1  |e 64,90  |f ЧЗГЛ:1